| 000 | 00881nam a2200313Ia 4500 | ||
|---|---|---|---|
| 001 | dia_2779 | ||
| 003 | CHAP | ||
| 005 | 20230516140429.0 | ||
| 008 | 220117s1982 xx 000 0 und d | ||
| 010 | _a173280 | ||
| 020 | _a0-444-41896-2 | ||
| 040 | _cCHAP | ||
| 082 | _a664.1 B35 1982 | ||
| 100 |
_aBaikow, V .E. _99426 |
||
| 245 |
_aManufacture and refining of raw cane sugar / _c V. E. Baikov |
||
| 250 | _a2a ed. | ||
| 260 |
_aAmsterdam, Netherlands : _b Elsevier, _c1982 |
||
| 300 | _a588 p. | ||
| 400 | _aSUGAR SERIES, 2 | ||
| 440 |
_aSugar series ; 2 _9153487 |
||
| 503 | _aI.168172 | ||
| 504 | _aIncluye bibliografías | ||
| 590 | _aTP377 B35 1982 | ||
| 650 |
_aAzucar _xManufactura y refinamiento _9153488 |
||
| 901 | _a664.1 B35 1982 | ||
| 902 | _aM | ||
| 905 | _a5232271982 ne ain 8222223322eng16 | ||
| 942 |
_cLIBRO _2ddc |
||
| 999 |
_c173280 _d173280 |
||